| 000 | 00375nam a2200121Ia 4500 | ||
|---|---|---|---|
| 005 | 20251222154307.0 | ||
| 008 | 251222s9999||||xx |||||||||||||| ||spa|| | ||
| 020 | _a978-958-8465-41-8 | ||
| 082 | _a333.91/V67 | ||
| 100 | _a"Villegas González, Paula Andreay otros" | ||
| 245 | 0 | _aAgua saneamiento ambiental y desplazamiento: Manual de gestión interdisciplinaria | |
| 942 | _cLIB | ||
| 999 |
_c33246 _d33246 |
||